1) Dr. No Quiz - Statistics

General Stats
  • This quiz has been taken 1,021 times
    1,015 since last reset
  • The average score is 5 of 10
Answer Stats
Question Answer % Correct
What mythical creature do Honey and Quarrel believe lives on Crab Key? a dragon
94%
What body parts of Dr No are mechanical? his hands
92%
Complete Bond's line to Dent: "That's a Smith and Wesson, and you've had your ____" six
89%
In M's office, Bond is given a Walther PPK to replace what make of gun? Beretta (418)
58%
Lois Maxwell was given a choice of two roles: Moneypenny and which other character? Sylvia Trench
40%
In the book, Bond fights which fearsome creature during Dr No's obstacle course? a giant squid
27%
What activity is Dr No engaging in that causes rockets to go astray? toppling
20%
Who is depicted in the stolen Goya painting in Dr No's lair? Duke of Wellington
14%
What is the name of the henchman Bond disguises himself as? Chang
12%
In which novel did Ian Fleming mention Ursula Andress by name? On Her Majesty's Secret Service
11%
No matching quizzes found
Score Distribution
Percent of People with Each Score
Percentile by Number Answered
Your Score History
You have not taken this quiz since the last reset